000
00335nam a22001457a 4500
008
210312b ||||| |||| 00| 0 eng d
020
_a
0898432529
041
_a
eng
080
_a
070
082
_a
070
100
_a
40
101
_a
MED
245
_a
Digital Broadcasting and the Public Interest
_c
Firestone,M.CH
942
_2
udc
_c
BK
999
_c
56521
_d
56521